000 00472cam a2200181ua 4500
001 6032
008 131106n ii |||gr||||Z||||||asm
040 _cMAIN
082 _a954.162
100 _aGoswami,Prakash,
_eEditor.
245 _aBuranjir Prakriti aru Swarup
260 _aJorhat:
_bAsam Sahitya Sabha,
_c1991.
300 _a263p.
653 _aAssam history
653 _aBuranjir Prakriti aru Swarup
700 _aChowdhury,Satish Chandra,
_eEditor.
942 _cBK
999 _c5185
_d5185